000
00289nam a22001217a 4500
008
180922b xxu||||| |||| 00| 0 eng d
041
_a
eng
080
_a
611
100
_a
7
101
_a
ANA
245
_a
Netter's Concise of Alas of Orthopaedic Anatomy
_c
Thompson, J.C
942
_2
udc
_c
BK
999
_c
48291
_d
48291